[Event "S Wales Winter, Major"]
[Site "Bridgend"]
[Date "2025.01.18"]
[Round "2"]
[Board "1"]
[White "Jones, Steve"]
[Black "Williams, John A"]
[Result "1-0"]
[WhiteElo "1791"]
[BlackElo "1611"]
[PlyCount "111"]
[GameId "2150352130361161"]
[EventDate "2025.01.17"]
[EventType "swiss"]
[EventRounds "5"]
[EventCountry "WLS"]

{[%evp 0,102,11,27,25,30,-6,36,42,22,-7,19,28,29,24,25,32,-28,29,33,47,25,7,22,-7,-16,12,-61,-71,-49,-69,-144,-112,-117,-79,-122,-111,-177,-149,-129,-119,-239,-246,-267,-1,127,-194,-129,-217,-176,-170,-193,-205,-219,-232,-241,-231,-257,-225,-251,-297,-340,-179,-194,-10,131,35,59,61,58,113,56,64,-242,213,280,230,359,207,218,214,214,214,228,233,234,236,236,234,237,300,310,381,367,371,433,437,449,426,449,431,576,617,686,917]} 1. d4 d6 2. Nc3 Nf6 3. e4 c6 4. Bd3 e5 5. Nge2 Be7 6. O-O O-O 7. h3 Nbd7 8. Be3 Re8 9. f4 Bf8 10. Qe1 b5 11. a3 exd4 12. Nxd4 Bb7 13. b4 a6 14. Rd1 c5 15. bxc5 dxc5 16. Nf5 c4 17. Qg3 Kh8 18. Be2 Nxe4 19. Nxe4 Bxe4 20. Bg4 Bxc2 21. Nh6 Rxe3 22. Qxe3 Qb6 23. Nxf7+ Kg8 24. Qxb6 Nxb6 25. Rd2 Bd3 26. Be6 Bc5+ 27. Rff2 Re8 28. Ng5+ Kf8 29. f5 h6 30. Nf7 Bxf5 31. Bxf5 Kxf7 32. Bd7+ Ke7 33. Bxe8 Kxe8 34. Kf1 Bxf2 35. Kxf2 Ke7 36. Ke1 a5 37. Rb2 c3 38. Rxb5 Nc4 39. Rc5 Nxa3 40. Rxc3 Nb5 41. Rc5 Nd6 42. Rxa5 Nf7 43. Ke2 Kf6 44. Ke3 h5 45. Rxh5 g6 46. Ra5 Kg7 47. g4 Kh6 48. h4 Kg7 49. Kf4 Kf6 50. Ra6+ Kg7 51. g5 Kh7 52. Ke4 Kg7 53. Kd5 Kh7 54. Ke6 Kg8 55. Ra8+ Kg7 56. Ra7 1-0

[Event "S Wales Winter, Major"]
[Site "Bridgend"]
[Date "2025.01.18"]
[Round "2"]
[Board "2"]
[White "Murthy, Arush"]
[Black "Di-Vetta, Andrew"]
[Result "0-1"]
[WhiteElo "1577"]
[BlackElo "1787"]
[PlyCount "104"]
[GameId "2150679643402365"]
[EventDate "2025.01.17"]
[EventType "swiss"]
[EventRounds "5"]
[EventCountry "WLS"]

{[%evp 0,104,19,31,25,-11,-9,4,20,20,36,34,39,34,20,24,28,26,43,-1,1,5,30,-31,-19,-19,22,33,11,10,12,0,2,2,35,6,26,19,26,6,26,26,17,10,14,13,4,0,0,-11,11,-11,45,4,-9,-17,-14,-4,-4,-29,-18,-10,-10,-4,-4,-55,-81,-104,-139,-98,-95,-80,-92,-85,-97,-134,-127,-221,-175,-212,-238,-359,-408,-431,-510,-569,-513,-510,-509,-590,-637,-637,-704,-1556,-745,-1413,-1413,-1841,-860,-1584,-781,-1003,-1416,-1742,-2250,-2724,-1499]} 1. d4 Nf6 2. c4 e6 3. Nc3 Bb4 4. e3 b6 5. Nf3 Bb7 6. Bd3 O-O 7. O-O d5 8. cxd5 exd5 9. Ne5 Nbd7 10. f4 c5 11. a3 Bxc3 12. bxc3 c4 13. Bc2 Ne4 14. Bxe4 dxe4 15. Qa4 Nxe5 16. fxe5 Qc7 17. Bd2 a6 18. Be1 b5 19. Qd1 Rfe8 20. Bg3 Qd7 21. Rf4 a5 22. Rb1 Bd5 23. Rb2 Ra6 24. Qb1 Bc6 25. Qf1 Qe7 26. Rbf2 Bd5 27. Ra2 Rg6 28. Bh4 Qd7 29. Raf2 Rb8 30. Rb2 Rgb6 31. Qb1 h6 32. Bg3 Qe7 33. Rff2 Qxa3 34. Rfc2 Qe7 35. e6 R8b7 36. exf7+ Bxf7 37. Rf2 b4 38. cxb4 axb4 39. Be5 c3 40. Rxf7 Qxf7 41. Rc2 Qc4 42. d5 Qxd5 43. Bd4 Rb5 44. Kf2 Rf7+ 45. Kg1 Qc4 46. Qa1 Kh7 47. Qb1 Rbf5 48. Rc1 Qd3 49. Qa1 Rf2 50. Qb1 Qxb1 51. Rxb1 c2 52. Rc1 Rf1+ 0-1

[Event "S Wales Winter, Major"]
[Site "Bridgend"]
[Date "2025.01.18"]
[Round "2"]
[Board "3"]
[White "Havard, Gwyn"]
[Black "Colcombe, Joshua"]
[Result "1-0"]
[WhiteElo "1784"]
[BlackElo "1570"]
[PlyCount "69"]
[GameId "2150679643402366"]
[EventDate "2025.01.17"]
[EventType "swiss"]
[EventRounds "5"]
[EventCountry "WLS"]

{[%evp 0,69,21,27,18,-136,34,138,47,40,38,34,59,0,20,-11,0,-10,282,301,304,304,290,319,297,305,314,313,312,295,314,414,318,308,310,172,322,315,315,312,294,248,313,323,331,327,324,265,339,330,288,318,299,312,329,404,345,346,345,333,363,323,394,420,501,458,558,605,659,594,662,870]} 1. e4 d5 2. exd5 Qxd5 3. Nc3 Qa5 4. d4 Nf6 5. Bd2 Bg4 6. Be2 Bxe2 7. Ngxe2 e6 8. Nf4 Nc6 9. Ncd5 Bb4 10. Nxb4 Nxb4 11. a3 Nxc2+ 12. Qxc2 Qb6 13. Be3 Qd6 14. O-O-O O-O-O 15. Nd3 Nd5 16. g3 Kb8 17. Rhe1 h6 18. Qc5 Qd7 19. Nb4 c6 20. Kb1 Ka8 21. Rc1 Rc8 22. Re2 g5 23. Rec2 Rc7 24. Nxd5 exd5 25. h4 f6 26. Re2 b6 27. Qc2 Rg8 28. hxg5 hxg5 29. Rh1 Kb7 30. f4 c5 31. dxc5 d4 32. Qe4+ Kb8 33. Bxd4 bxc5 34. Bxf6 gxf4 35. Be5 1-0

[Event "S Wales Winter, Major"]
[Site "Bridgend"]
[Date "2025.01.18"]
[Round "2"]
[Board "4"]
[White "Browse, Joseph"]
[Black "Limesdale, Jacob"]
[Result "1-0"]
[WhiteElo "1756"]
[BlackElo "1467"]
[PlyCount "69"]
[GameId "2150679643402367"]
[EventDate "2025.01.17"]
[EventType "swiss"]
[EventRounds "5"]
[EventCountry "WLS"]

{[%evp 0,69,19,31,14,30,45,43,32,41,39,23,37,17,43,38,28,45,44,54,71,78,86,71,64,65,86,74,73,84,87,116,126,126,126,71,78,73,49,105,104,93,99,104,104,105,101,145,140,160,171,175,271,233,521,570,575,407,598,599,599,851,891,580,1791,1974,2390,2765,29993,29990,29991,29992]} 1. d4 Nf6 2. Nf3 g6 3. c4 Bg7 4. Nc3 O-O 5. e4 d6 6. Be2 Nbd7 7. O-O c5 8. d5 a6 9. h3 Ne8 10. Bf4 Nc7 11. a4 a5 12. Qd2 Re8 13. Nh2 Ne5 14. Bh6 f5 15. Bxg7 Kxg7 16. f4 Nf7 17. Rae1 e5 18. Bd3 exf4 19. exf5 Rxe1 20. Rxe1 Ne5 21. fxg6 hxg6 22. Be2 Qf6 23. Ne4 Qf8 24. Rf1 Bf5 25. Rxf4 Re8 26. Qxa5 Nxc4 27. Bxc4 Rxe4 28. Qxc7+ Kh6 29. Rxe4 Bxe4 30. Ng4+ Kg5 31. Qxb7 Qf4 32. Qe7+ Kh5 33. Nf6+ Kh6 34. Ng8+ Kh5 35. g4+ 1-0

[Event "S Wales Winter, Major"]
[Site "Bridgend"]
[Date "2025.01.18"]
[Round "2"]
[Board "5"]
[White "Bull, Jack"]
[Black "Forsey, Tomas"]
[Result "1-0"]
[WhiteElo "1564"]
[BlackElo "1727"]
[PlyCount "69"]
[GameId "2150679643402368"]
[EventDate "2025.01.17"]
[EventType "swiss"]
[EventRounds "5"]
[EventCountry "WLS"]

{[%evp 0,67,8,7,30,79,13,24,29,13,12,-2,-14,-2,-13,-26,-83,-41,-21,-23,-8,-20,-2,29,13,20,1,-115,-56,-97,-39,-31,-32,77,32,116,22,140,20,-32,3,-48,-39,-39,11,-34,-1,-69,-69,-89,200,460,493,513,309,451,496,487,542,205,441,471,562,201,423,492,470,518,538,591]} 1. e4 c5 2. Nf3 Nc6 3. Bb5 g6 4. Bxc6 bxc6 5. d4 Bg7 6. dxc5 Qa5+ 7. Qd2 Qxc5 8. Nc3 Ba6 9. Qe3 Qxe3+ 10. Bxe3 Rb8 11. O-O-O Bxc3 12. bxc3 Nf6 13. e5 Nd5 14. Bxa7 Rb7 15. Bd4 O-O 16. Kd2 Rc8 17. Rb1 c5 18. Rxb7 Bxb7 19. Be3 Nxe3 20. fxe3 Ra8 21. Ra1 Be4 22. Ne1 Ra3 23. g3 c4 24. Kc1 Rxc3 25. a4 Rxe3 26. Kd2 Rxe1 27. Rxe1 Bb7 28. Rb1 Bc6 29. Rb8+ Kg7 30. a5 Kh6 31. a6 Kg5 32. a7 Kf5 33. Kc3 Kxe5 34. Kxc4 d5+ 35. Kc5 1-0

[Event "S Wales Winter, Major"]
[Site "Bridgend"]
[Date "2025.01.18"]
[Round "2"]
[Board "6"]
[White "OGorman, Brendan"]
[Black "Morris, Adam"]
[Result "1-0"]
[WhiteElo "1723"]
[BlackElo "1346"]
[PlyCount "161"]
[GameId "2150679643402369"]
[EventDate "2025.01.17"]
[EventType "swiss"]
[EventRounds "5"]
[EventCountry "WLS"]

{[%evp 0,118,12,25,6,57,-4,2,25,0,43,17,-5,18,8,8,7,19,-7,3,7,48,31,-30,-51,-56,-59,-36,-33,-115,-48,0,-32,-26,-17,-17,-19,-29,12,10,117,-30,146,172,214,196,205,86,1,93,87,93,184,69,193,144,200,208,214,180,200,164,229,243,407,172,229,185,202,150,176,9,162,174,127,168,163,164,170,169,208,187,211,187,93,195,174,150,140,139,156,145,162,90,166,166,230,230,236,275,164,288,140,87,157,193,181,96,187,109,173,108,384,461,657,358,208,102,103,69,239]} 1. c4 e5 2. Nc3 Nf6 3. Nf3 Nc6 4. e4 Bc5 5. Nxe5 Nxe5 6. d4 Bb4 7. dxe5 Nxe4 8. Qd4 Nxc3 9. bxc3 Ba5 10. Ba3 b6 11. e6 Qf6 12. exd7+ Bxd7 13. Qxf6 gxf6 14. Kd2 c5 15. Re1+ Be6 16. Bd3 Rd8 17. Kc2 O-O 18. Bc1 Kh8 19. Re3 b5 20. cxb5 c4 21. Be4 f5 22. Bc6 f4 23. Re2 Rd3 24. Bxf4 Rxc3+ 25. Kb2 Rd3 26. Be4 Rd7 27. Be5+ f6 28. Bc3 Bxc3+ 29. Kxc3 Rb8 30. a4 a6 31. Rb1 f5 32. Bc2 Rd6 33. Rbe1 Bd7 34. Re5 axb5 35. axb5 Rxb5 36. Rxb5 Bxb5 37. Bxf5 Rd5 38. Bc2 Rh5 39. h3 Kg7 40. Re7+ Kg8 41. Rb7 Bc6 42. Rb8+ Kg7 43. f3 Bd5 {(=)} 44. Rd8 Be6 45. Rb8 Rg5 46. Rb7+ Bf7 47. g4 h6 48. Bf5 Kf6 49. f4 Rg8 50. Rb6+ Kg7 51. h4 Re8 52. Rb7 Kf8 53. Rc7 Re3+ 54. Kd4 Rf3 55. Ke5 Rf1 56. Kf6 Rxf4 57. Rc8+ Be8 58. Ke5 Rf1 59. Bg6 Re1+ 60. Kd4 Rd1+ 61. Kc3 Rc1+ 62. Kd2 Rh1 63. Rxe8+ Kg7 64. h5 Rg1 65. Bf5 Rg3 66. Rc8 Ra3 67. Rxc4 Kf6 68. Rc6+ Kg5 69. Rg6+ Kf4 70. Rxh6 Rh3 71. Rc6 Rh2+ 72. Kd3 Rh1 73. h6 Kg5 74. h7 Rh3+ 75. Ke4 Ra3 76. Rg6+ Kh4 77. h8=Q+ Kg3 78. Qb8+ Kh4 79. Rh6+ Kg5 80. Rh5+ Kf6 81. Qf8# 1-0

[Event "S Wales Winter, Major"]
[Site "Bridgend"]
[Date "2025.01.18"]
[Round "2"]
[Board "7"]
[White "George, Naveen Daniel"]
[Black "Hurn, Robert Aj"]
[Result "1-0"]
[WhiteElo "1496"]
[BlackElo "1682"]
[PlyCount "78"]
[GameId "2150679643402370"]
[EventDate "2025.01.17"]
[EventType "swiss"]
[EventRounds "5"]
[EventCountry "WLS"]

{[%evp 0,78,14,18,15,9,19,2,18,19,26,20,10,32,13,33,33,50,47,55,28,13,11,-18,-22,-65,-118,-146,-141,-12,-62,-62,-62,4,-28,-14,-12,9,-21,-5,-2,-1,0,21,0,2,26,10,3,-33,27,-16,7,25,19,19,46,34,48,36,50,119,130,160,351,351,372,433,703,975,1192,1188,1179,1233,1312,1312,1328,1362,29959,1302,1291]} 1. e4 c5 2. Nf3 d6 3. d4 cxd4 4. Nxd4 Nf6 5. Nc3 g6 6. Be3 Bg7 7. f3 O-O 8. Qd2 Nc6 9. O-O-O d5 10. exd5 Nxd5 11. Nxd5 Qxd5 12. Kb1 Nxd4 13. Bxd4 Be6 14. c4 Qxd4 15. Qxd4 Bxd4 16. Rxd4 Rfd8 17. Rxd8+ Rxd8 18. Kc2 Bf5+ 19. Kc1 e5 20. Be2 Kf8 21. Rd1 Rxd1+ 22. Kxd1 Ke7 23. Kd2 Kd6 24. Kc3 a5 25. a3 b6 26. b4 axb4+ 27. axb4 g5 28. Bd3 Bxd3 29. Kxd3 f5 30. g4 fxg4 31. fxg4 h6 32. Ke4 Ke6 33. c5 b5 34. h3 Kf6 35. Kd5 e4 36. Kxe4 Ke6 37. Kd4 Kd7 38. Kd5 Kc7 39. Ke6 Kc6 1-0

[Event "S Wales Winter, Major"]
[Site "Bridgend"]
[Date "2025.01.18"]
[Round "2"]
[Board "8"]
[White "Burton, Henry"]
[Black "Williams, Stephen"]
[Result "1-0"]
[WhiteElo "1386"]
[BlackElo "1666"]
[PlyCount "87"]
[GameId "2150679643402371"]
[EventDate "2025.01.17"]
[EventType "swiss"]
[EventRounds "5"]
[EventCountry "WLS"]

{[%evp 0,87,19,31,23,13,53,47,47,35,38,13,33,43,65,51,55,48,38,47,32,21,19,20,17,0,5,-6,22,-9,2,-51,-34,-67,114,-80,-80,-109,-108,-84,-118,-106,-103,-121,-114,-99,-77,-71,-60,-44,-17,-17,-17,-19,-27,-62,-23,-21,-18,-80,118,74,74,100,90,0,0,0,0,0,0,0,0,-93,0,0,46,37,35,74,491,527,527,527,797,797,797,797,797,797]} 1. d4 Nf6 2. Nf3 g6 3. Nc3 d5 4. Bf4 Bg7 5. a3 c6 6. e3 Bg4 7. Be2 Bxf3 8. Bxf3 Nbd7 9. O-O O-O 10. Qd2 Re8 11. Rad1 e5 12. dxe5 Nxe5 13. Be2 Qe7 14. Rfe1 Rad8 15. Bxe5 Qxe5 16. Bf3 Ne4 17. Nxe4 dxe4 18. Qxd8 Rxd8 19. Rxd8+ Bf8 20. Be2 Qxb2 21. Red1 Qxc2 22. Bf1 Kg7 23. R1d7 Bxa3 24. Rxb7 Bc5 25. Rdd7 Qa2 26. Rbc7 Qe6 27. Rd1 Bb6 28. Rb7 c5 29. Rbd7 c4 30. R1d6 Qe5 31. Bxc4 Kh6 32. Bxf7 Bc7 33. Rd1 Qxh2+ 34. Kf1 Qh1+ 35. Ke2 Qh5+ 36. f3 exf3+ 37. gxf3 Qh2+ 38. Kd3 Bb6 39. Bg8 Kg5 40. f4+ Kg4 41. Rxh7 Qf2 42. Be6+ Kg3 43. Rh3+ Kg2 44. Rd2 1-0

[Event "S Wales Winter, Major"]
[Site "Bridgend"]
[Date "2025.01.18"]
[Round "2"]
[Board "10"]
[White "Richards, James"]
[Black "Smith, Andrew R"]
[Result "0-1"]
[WhiteElo "1517"]
[BlackElo "1779"]
[PlyCount "82"]
[GameId "2150679643402373"]
[EventDate "2025.01.17"]
[EventType "swiss"]
[EventRounds "5"]
[EventCountry "WLS"]

{[%evp 0,82,21,26,9,6,13,0,0,32,16,2,13,-5,10,3,-4,4,14,24,31,12,39,-73,-70,-71,-83,-69,-76,-91,-108,-92,-102,-123,-155,-111,-79,-128,-113,-114,-118,-150,-145,-148,-108,-243,-204,-314,-379,-378,-386,-374,-353,-355,-260,-260,-438,-279,-289,-263,-308,-332,-332,-471,-428,-544,-372,-385,-382,-494,-429,-588,-594,-552,-562,-562,-599,-586,-495,-567,-604,-677,-616,-1091,-1115]} 1. d4 d5 2. Nc3 Nf6 3. Bf4 c6 4. e3 e6 5. Nf3 Bd6 6. Ne5 O-O 7. Bd3 Qc7 8. Qf3 Nbd7 9. Qg3 Ne8 10. Qh3 f5 11. g4 Nxe5 12. Bxe5 Bxe5 13. dxe5 Qxe5 14. gxf5 exf5 15. O-O-O Nf6 16. f4 Qe6 17. Rde1 Ne4 18. Nd1 b5 19. Qg2 a5 20. Rhg1 Ra7 21. Nf2 b4 22. b3 Nc3 23. Kb2 Qf6 24. a4 Ne2+ 25. Ka2 Nxg1 26. Qxg1 Ba6 27. Bxa6 Rxa6 28. Nd3 Qc3 29. Qf2 c5 30. Qe2 c4 31. Nc1 Rc6 32. Kb1 cxb3 33. Nxb3 Re8 34. Qd1 Rce6 35. Nd4 Rxe3 36. Rxe3 Rxe3 37. Ne2 Qc4 38. Nd4 g6 39. Nb3 Qe4 40. Ka2 Re1 41. Qd2 Re2 0-1

[Event "S Wales Winter, Major"]
[Site "Bridgend"]
[Date "2025.01.18"]
[Round "2"]
[Board "12"]
[White "Anandkumar, Govind"]
[Black "Blankley, Toby"]
[Result "1-0"]
[WhiteElo "1641"]
[BlackElo "1456"]
[PlyCount "97"]
[GameId "2150679643402374"]
[EventDate "2025.01.17"]
[EventType "swiss"]
[EventRounds "5"]
[EventCountry "WLS"]

{[%evp 0,69,20,31,35,101,30,-3,22,20,5,33,38,46,62,61,139,127,119,25,363,401,568,591,611,616,1843,617,997,530,542,459,536,534,549,554,559,360,533,385,551,581,729,366,624,677,489,724,739,762,577,747,751,778,500,750,505,737,766,702,787,802,792,748,746,769,556,720,560,725,738,731]} 1. e4 c6 2. d4 d5 3. f3 g6 4. Nc3 Bg7 5. Be3 Nd7 6. Qd2 Nb6 7. O-O-O e5 8. dxe5 Bxe5 9. exd5 Bxc3 10. Qxc3 Nf6 11. dxc6 Nbd5 12. Qe5+ Kf8 13. Bg5 bxc6 14. Bxf6 Qxf6 15. Rxd5 Qxe5 16. Rxe5 Be6 17. a3 Rd8 18. Bd3 Kg7 19. Ne2 Rhe8 20. Nf4 Rd4 21. Nxe6+ fxe6 22. Rhe1 Kf6 23. Ra5 Re7 24. Re4 Rd8 25. Rea4 Rdd7 26. Rc5 Rd6 27. Kd2 Rb7 28. Rb4 Rxb4 29. axb4 Rd4 30. c3 Rd6 31. Ke3 Ke7 32. Rc4 e5 33. Re4 Kf6 34. f4 exf4+ 35. Rxf4+ Kg7 36. Rc4 Rf6 37. Rd4 Rf7 38. Rd6 Rc7 39. Be4 c5 40. Rc6 Rxc6 41. Bxc6 cxb4 42. c4 Kf6 43. Kd4 Ke6 44. Kc5 a5 45. Kb5 Kd6 46. c5+ Kc7 47. Bd5 h6 48. b3 g5 49. Kxa5 1-0

[Event "S Wales Winter, Major"]
[Site "Bridgend"]
[Date "2025.01.18"]
[Round "2"]
[Board "13"]
[White "Chaure-Larsen, Daniel"]
[Black "Richards, Benjamin James"]
[Result "0-1"]
[WhiteElo "1430"]
[BlackElo "1589"]
[PlyCount "60"]
[GameId "2150679643402375"]
[EventDate "2025.01.17"]
[EventType "swiss"]
[EventRounds "5"]
[EventCountry "WLS"]

{[%evp 0,60,21,33,21,-20,13,-2,25,-4,9,-17,0,-23,-9,-4,-6,-36,1,-197,-165,-227,-154,-274,-260,-343,-402,-361,-365,-597,-574,-672,-688,-691,-722,-755,-750,-667,-730,-763,-677,-689,-699,-741,-698,-802,-827,-833,-716,-863,-897,-1683,-2123,-29991,-29992,-29993,-2001,-29997,-29996,-29997,-29998,-29999,-29999]} 1. d4 Nf6 2. Bf4 d6 3. Nf3 g6 4. e3 Bg7 5. Bd3 O-O 6. c3 Nbd7 7. Nbd2 Re8 8. O-O e5 9. Bg3 e4 10. Nxe4 Nxe4 11. Qb3 Ndf6 12. h3 Nxg3 13. fxg3 Rxe3 14. Bc4 d5 15. Be2 Rxe2 16. Ne5 c5 17. Rab1 Be6 18. Qxb7 Rb8 19. Qxa7 Rbxb2 20. Rxb2 Rxb2 21. Ra1 Qc8 22. dxc5 Ne4 23. Nd3 Rc2 24. Rb1 Bf8 25. Ne5 Bxc5+ 26. Qxc5 Qxc5+ 27. Kh2 Qxc3 28. Rg1 Qxe5 29. a4 Qxg3+ 30. Kh1 Nf2# 0-1

[Event "S Wales Winter, Major"]
[Site "Bridgend"]
[Date "2025.01.18"]
[Round "2"]
[Board "15"]
[White "Larg, Richard"]
[Black "Keable, stephen"]
[Result "0-1"]
[WhiteElo "1712"]
[BlackElo "1461"]
[PlyCount "40"]
[GameId "2150679643402377"]
[EventDate "2025.01.17"]
[EventType "swiss"]
[EventRounds "5"]
[EventCountry "WLS"]

{[%evp 0,40,11,35,15,16,28,22,71,6,0,26,59,53,47,16,9,-9,-12,-12,14,-11,-5,-29,-24,-18,10,20,12,140,48,-28,-25,-35,-42,-118,-29,35,6,-135,-175,-1047,-1039]} 1. d4 Nf6 2. c4 g6 3. Bf4 d6 4. e3 Bg7 5. Nc3 d5 6. Be2 c6 7. Be5 Nbd7 8. Bxf6 Nxf6 9. cxd5 cxd5 10. Bb5+ Bd7 11. Qa4 O-O 12. Bxd7 Nxd7 13. Nxd5 Nb6 14. Nxb6 Qxb6 15. Qb3 Qa5+ 16. Qc3 Qg5 17. g3 Rac8 18. Qb3 Qa5+ 19. Ke2 Qa6+ 20. Qd3 Rc2+ 0-1

[Event "S Wales Winter, Major"]
[Site "Bridgend"]
[Date "2025.01.18"]
[Round "2"]
[Board "16"]
[White "Holland, Wayne"]
[Black "Heatman, Jordan"]
[Result "0-1"]
[WhiteElo "1513"]
[BlackElo "1812"]
[PlyCount "116"]
[GameId "2150679643402378"]
[EventDate "2025.01.17"]
[EventType "swiss"]
[EventRounds "5"]
[EventCountry "WLS"]

{[%evp 0,116,21,6,20,0,5,10,4,8,0,-10,-29,-23,-18,-22,-23,-52,-13,-33,-28,-64,10,11,19,11,9,17,20,11,-87,0,1,-151,24,64,57,66,85,-113,72,1,-126,-283,-314,-333,-345,-282,-257,-92,-277,-283,-224,-260,-55,-299,-252,-384,-419,-408,-372,-433,-379,-448,-253,-260,-229,-240,-240,-308,-239,-325,-252,-244,-156,-173,-138,-140,-232,-150,-247,-231,-157,-115,-135,-320,-192,-167,-192,-232,-156,-221,-160,-237,-255,-156,-318,-205,-243,-230,-205,-488,-492,-541,-655,-585,-378,-374,-337,-285,-310,-263,-337,-289,0,-1012,-1022,-29989,-29990]} 1. e4 c5 2. Bc4 Nc6 3. Nf3 e6 4. Nc3 Nf6 5. d3 d5 6. exd5 exd5 7. Bb5 d4 8. Bxc6+ bxc6 9. Ne2 Bd6 10. Bf4 Qc7 11. Bxd6 Qxd6 12. h3 O-O 13. O-O Nd5 14. Qd2 Qf6 15. Ng5 Qg6 16. Ng3 Ne3 17. fxe3 Qxg5 18. Rf3 f5 19. Raf1 Be6 20. c3 Bd5 21. cxd4 Bxf3 22. Rxf3 cxd4 23. Nf1 dxe3 24. Nxe3 Rad8 25. Qc3 h6 26. Kh2 Kh7 27. Rg3 Qf6 28. Qxf6 Rxf6 29. Nc4 Rd4 30. Ne5 f4 31. Rg4 f3 32. gxf3 Rxg4 33. hxg4 Re6 34. f4 c5 35. b3 g5 36. Kg3 gxf4+ 37. Kxf4 Ra6 38. a4 Rb6 39. Nd7 Rxb3 40. Nxc5 Rc3 41. d4 Kg6 42. a5 Ra3 43. a6 Ra5 44. Ke5 Kg5 45. Kd6 Kxg4 46. d5 h5 47. Kc6 h4 48. d6 h3 49. d7 h2 50. Ne4 h1=Q 51. d8=Q Qxe4+ 52. Kc7 Rc5+ 53. Kb8 Rb5+ 54. Kxa7 Qe3+ 55. Ka8 Qf3+ 56. Ka7 Qc6 57. Qg8+ Rg5 58. Qxg5+ Kxg5 0-1

[Event "S Wales Winter, Major"]
[Site "Bridgend"]
[Date "2025.01.18"]
[Round "2"]
[Board "17"]
[White "Edwards, Jonathan Simon"]
[Black "Sharhorodsky, Yaroslav"]
[Result "0-1"]
[WhiteElo "1466"]
[BlackElo "1723"]
[PlyCount "50"]
[GameId "2150679643402379"]
[EventDate "2025.01.17"]
[EventType "swiss"]
[EventRounds "5"]
[EventCountry "WLS"]

{[%evp 0,50,29,33,15,16,22,36,29,19,24,3,2,-63,-49,-194,-291,-304,-248,-303,-312,-505,-451,-631,-667,-796,-787,-925,-800,-822,-716,-950,-821,-882,-808,-688,-815,-703,-795,-856,-917,-867,-846,-1112,-1271,-29989,-29992,-29993,-29994,-29995,-29994,-29995,-29996]} 1. e4 e5 2. Nf3 Nc6 3. Nc3 Nf6 4. d4 exd4 5. Nxd4 Bb4 6. Bc4 Nxe4 7. Bxf7+ Kxf7 8. Qh5+ g6 9. Qd5+ Kg7 10. Qxe4 Re8 11. Qxe8 Qxe8+ 12. Be3 Nxd4 13. O-O Bxc3 14. bxc3 Nxc2 15. Rad1 Nxe3 16. Rfe1 Qf7 17. Rxe3 Qxa2 18. Rde1 d6 19. Re4 Bf5 20. Re7+ Kf6 21. Rxc7 Re8 22. g4 Rxe1+ 23. Kg2 Be4+ 24. Kh3 Qxf2 25. g5+ Kxg5 0-1

[Event "S Wales Winter, Major"]
[Site "Bridgend"]
[Date "2025.01.18"]
[Round "2"]
[Board "18"]
[White "Williams, James L"]
[Black "Hanczar, Csombor"]
[Result "0-1"]
[WhiteElo "1655"]
[BlackElo "1562"]
[PlyCount "54"]
[GameId "2150679643402380"]
[EventDate "2025.01.17"]
[EventType "swiss"]
[EventRounds "5"]
[EventCountry "WLS"]

{[%evp 0,54,21,7,31,6,31,28,40,69,36,34,39,30,30,28,29,34,110,38,-34,58,70,82,140,159,157,169,201,165,236,-97,-148,-265,-383,-321,-269,-361,-249,-318,-348,-453,-235,-375,-328,-354,-271,-387,-396,-395,-445,-484,-499,-866,-768,-913,-849]} 1. e4 d6 2. d4 Nf6 3. Nc3 g6 4. Nf3 Bg7 5. Bd3 c5 6. dxc5 dxc5 7. O-O Nc6 8. Be3 Nd4 9. Be2 Nxe2+ 10. Qxe2 Qc7 11. Qb5+ Nd7 12. Nd5 Qd6 13. Rad1 O-O 14. Bg5 a6 15. Nxe7+ Qxe7 16. Bxe7 axb5 17. Bxf8 Kxf8 18. c3 Rxa2 19. Rd2 Ke7 20. g3 Ne5 21. Nxe5 Bxe5 22. Rd5 f6 23. Rxc5 Bd7 24. f4 Bb8 25. Rd5 Ba7+ 26. Kg2 Rxb2+ 27. Kf3 Bh3 0-1

[Event "S Wales Winter, Major"]
[Site "Bridgend"]
[Date "2025.01.18"]
[Round "2"]
[Board "19"]
[White "Hill, Glyn"]
[Black "Peters, Chris"]
[Result "0-1"]
[WhiteElo "1431"]
[BlackElo "1653"]
[PlyCount "118"]
[GameId "2150679643402381"]
[EventDate "2025.01.17"]
[EventType "swiss"]
[EventRounds "5"]
[EventCountry "WLS"]

{[%evp 0,87,12,34,15,15,34,8,0,-1,7,-3,13,62,15,71,28,28,27,8,19,38,54,22,81,30,39,21,44,-77,76,61,-1,58,82,65,74,76,55,52,69,39,79,31,18,-75,51,-106,-104,-101,-86,-155,-42,-2,25,1,-1,-14,27,-25,-66,-187,-26,-167,-76,-257,-181,-82,-161,-190,-105,-161,-173,-290,-297,-127,-280,-304,-265,-276,-286,-294,-298,-191,-273,-150,-238,-294,-284,-300]} 1. d4 Nf6 2. Nf3 g6 3. c3 Bg7 4. Bf4 d5 5. Qc1 Nbd7 6. Bh6 Bf8 7. Bxf8 Nxf8 8. h3 Bf5 9. Qh6 Bxb1 10. Rxb1 Qd7 11. Ne5 Qf5 12. Rc1 Ne4 13. Qe3 f6 14. g4 Qg5 15. Qxg5 Nxg5 16. Nd3 Nd7 17. h4 Ne4 18. Bg2 e6 19. Nf4 Ke7 20. f3 Nd6 21. b3 c5 22. c4 dxc4 23. bxc4 cxd4 24. c5 Nf7 25. O-O g5 26. hxg5 Nxg5 27. Rfd1 Rac8 28. Nd3 f5 29. f4 Ne4 30. g5 h5 31. Ne5 Nxe5 32. fxe5 Rhg8 33. Bxe4 fxe4 34. Rxd4 Rxg5+ 35. Kf2 Rxe5 36. Ke3 Rcxc5 37. Rxc5 Rxc5 38. Rxe4 Kf6 39. Kf3 Rf5+ 40. Kg3 Rg5+ 41. Kh4 Rg4+ 42. Rxg4 hxg4 43. Kxg4 Ke5 44. Kf3 Kd4 45. e3+ Ke5 46. Kg4 Ke4 47. Kg5 b5 48. Kf6 e5 49. Ke6 a5 50. Kd6 b4 51. Kc5 Kxe3 52. Kb5 Kd3 53. Kxa5 Kc3 54. Ka4 e4 55. a3 b3 56. Kb5 b2 57. a4 b1=Q+ 58. Ka6 Kc4 59. Ka7 Kc5 0-1